Dinamismo en la dirección industrial /

Guardado en:
Autor Principal: Villers, Raymond, 1911-
Formato: Libro
Idioma:Spanish
English
Publicado: México : Herrero Hermanos, Sucesores, 1962.
Edición:1a. ed.
Materias:
Etiquetas: Agregar Etiqueta
Sin Etiquetas, Sea el primero en etiquetar este registro!
LEADER 00661nam a2200193a 4500
001 EAD.ead003504
008 080718s1962####mx#######b####000#0#spa#d
005 20130918130734.0
245 1 0 |a Dinamismo en la dirección industrial /  |c por Raymond Villers. 
250 |a 1a. ed. 
260 |a México :  |b Herrero Hermanos, Sucesores,  |c 1962. 
300 |a 572 p. ;  |c 23 cm. 
500 |a Traducción de: Dynamic management in industry. 
504 |a Incluye referencias bibliográficas. 
100 1 |a Villers, Raymond,  |d 1911- 
082 0 4 |a 338.6  |2 21 
650 7 |a Economía industrial.  |2 isoc 
041 1 |a spa  |h eng 
859 |a AR-BaBDC  |b BIB. ADMINISTRACION - Libros  |h 338.6  |i V718  |p b00432